Library Banner

Pakistan culture (Record no. 67932)

MARC details
000 -LEADER
fixed length control field 00407nam a22001577a 4500
005 - DATE AND TIME OF LATEST TRANSACTION
control field 20150316162430.0
008 - FIXED-LENGTH DATA ELEMENTS--GENERAL INFORMATION
fixed length control field 150316b xxu||||| |||| 00| 0 eng d
020 ## - INTERNATIONAL STANDARD BOOK NUMBER
International Standard Book Number 9693700570
040 ## - CATALOGING SOURCE
Transcribing agency PK-LaUMT
082 ## - DEWEY DECIMAL CLASSIFICATION NUMBER
Classification number KHC 306.095491
Item number SID-P
100 ## - MAIN ENTRY--PERSONAL NAME
Personal name Siddiqui, M.H.
245 ## - TITLE STATEMENT
Title Pakistan culture
Statement of responsibility, etc M. H. Siddiqui
260 ## - PUBLICATION, DISTRIBUTION, ETC. (IMPRINT)
Place of publication, distribution, etc Islamabad
Name of publisher, distributor, etc National Book Foundation
Date of publication, distribution, etc 2000
300 ## - PHYSICAL DESCRIPTION
Extent 191 p.
942 ## - ADDED ENTRY ELEMENTS (KOHA)
Koha item type Books
Holdings
Withdrawn status Lost status Damaged status Home library Current library Date acquired Full call number Barcode Date last seen Price effective from Koha item type
      UMT Main Campus UMT Main Campus 2015-03-16 KHC 306.095491 SID-P 74319 2015-03-16 2015-03-16 Books